Изменение системы сбыта продукции, и ее влияние на конкурентоспособность предприятия; Информационные технологии в науке, управлении, социальной сфере и медицине

Detalhes bibliográficos
Parent link:Информационные технологии в науке, управлении, социальной сфере и медицине.— 2015.— [С. 414-415]
Autor principal: Малкова Т. В.
Autor Corporativo: Национальный исследовательский Томский политехнический университет (ТПУ)
Resumo:Заглавие с титульного экрана
Competitiveness of the company includes not only the qualitative characteristics of the product, but also depends on the level of management, rational management of financial resources, innovation and investment.
Idioma:russo
Publicado em: 2015
Colecção:Информационные технологии в маркетинге
Assuntos:
Acesso em linha:http://earchive.tpu.ru/handle/11683/17179
http://www.lib.tpu.ru/fulltext/c/2015/C24/182.pdf
Formato: MixedMaterials Recurso Electrónico Capítulo de Livro
KOHA link:https://koha.lib.tpu.ru/cgi-bin/koha/opac-detail.pl?biblionumber=613920

MARC

LEADER 00000naa2a2200000 4500
001 613920
005 20231101132801.0
035 |a (RuTPU)RU\TPU\conf\12078 
035 |a RU\TPU\conf\12073 
090 |a 613920 
100 |a 20150903d2015 k y0rusy50 ca 
101 0 |a rus  |d eng 
102 |a RU 
105 |a y z 101zy 
135 |a drcn ---uucaa 
181 0 |a i  
182 0 |a b 
200 1 |a Изменение системы сбыта продукции, и ее влияние на конкурентоспособность предприятия  |d Changing the system of sales, and its impact on the competitiveness of enterprises  |f Т. В. Малкова 
203 |a Текст  |c электронный 
225 1 |a Информационные технологии в маркетинге 
230 |a 1 компьютерный файл (pdf; 622 Kb) 
300 |a Заглавие с титульного экрана 
320 |a [Библиогр.: с. 415 (2 назв.)] 
330 |a Competitiveness of the company includes not only the qualitative characteristics of the product, but also depends on the level of management, rational management of financial resources, innovation and investment. 
337 |a Adobe Reader 
463 0 |0 (RuTPU)RU\TPU\conf\11725  |t Информационные технологии в науке, управлении, социальной сфере и медицине  |o сборник научных трудов II Международной конференции, 19-22 мая 2015 г., Томск  |f Национальный исследовательский Томский политехнический университет (ТПУ) ; ред. кол. О. Г. Берестнева [и др.]  |v [С. 414-415]  |d 2015 
510 1 |a Changing the system of sales, and its impact on the competitiveness of enterprises  |z eng 
610 1 |a труды учёных ТПУ 
610 1 |a электронный ресурс 
610 1 |a конкурентоспособность 
610 1 |a предприятия 
610 1 |a сбытовая деятельность 
610 1 |a уголь 
610 1 |a производства 
700 1 |a Малкова  |b Т. В. 
712 0 2 |a Национальный исследовательский Томский политехнический университет (ТПУ)  |c (2009- )  |2 stltpush  |3 (RuTPU)RU\TPU\col\15902 
801 2 |a RU  |b 63413507  |c 20210129  |g RCR 
856 4 |u http://earchive.tpu.ru/handle/11683/17179 
856 4 |u http://www.lib.tpu.ru/fulltext/c/2015/C24/182.pdf 
942 |c BK